Adolphe et Clara, ou, Les deux prisonniers : comédie en un acte et en prose, mêlée d'ariettes /

Bibliographic Details
Main Author: Dalayrac, N. (Nicolas), 1753-1809
Other Authors: Marsollier, 1750-1817
Format: Book
Language:French
Published: Paris : Impr. du citoyen Cailleau, An septième [1799]
Subjects:

MARC

Tag First Indicator Second Indicator Subfields
LEADER 00000cam a2200000Ii 4500
001 in00003881069
005 20210723104610.0
008 170626s1799 fr 000 d fre d
035 |a (OCoLC)ocn991617087 
035 |a (OCoLC)991617087 
040 |a TXA  |b eng  |e rda  |c TXA  |d UtOrBLW 
049 |a TXAM 
090 |a PQ2007.M15  |b A7 1799 
100 1 |a Dalayrac, N.  |q (Nicolas),  |d 1753-1809. 
240 1 0 |a Adolphe et Clara.  |s Libretto 
245 1 0 |a Adolphe et Clara, ou, Les deux prisonniers :  |b comédie en un acte et en prose, mêlée d'ariettes /  |c paroles de B.J. Marsollier ; musique du citoyen d'Aleyrac. 
246 3 0 |a Deux prisonniers 
246 1 |i Binder's title:  |a Théatre.  |p Comédies.  |n [no.] 2 
264 1 |a Paris :  |b Impr. du citoyen Cailleau,  |c An septième [1799] 
300 |a 36 pages ;  |c 21 cm 
336 |a text  |b txt  |2 rdacontent 
337 |a unmediated  |b n  |2 rdamedia 
338 |a volume  |b nc  |2 rdacarrier 
500 |a This item is number 1 in a volume of 13 plays bound together with spine title: Théatre, Comédies, [no.] 2. 
500 |a The Cushing Library/Dawson French copy contains: Adolphe et Clara / Marsollier. [Paris : Imprimerie du citoyen Cailleau, 1799?] -- L'Enfant prodigue / Voltaire. [Paris : Vente, 1788] -- Camille / Marsollier. [Paris : Delalain, 1791?] -- Annette et Lubin / Favart. [Avignon : Freres Bonnet, 1791] -- L'Amour diable / Legrand. [Paris : Brunet, 1787] -- Les Bonnes gens / Guillemain. [Paris : Vente, 1788] -- La Dupe de soi-meme / F. Roger. [Paris : Huet, 1799?] -- Le Jaloux / Rochon de Chabannes. [Bordeaux : Imprimerie de P. Phillippot, 1788] -- L'Ambigu tragique. [Lille : P.S. Lalau, 1778?] -- Renaud d'Ast / Radet. [Paris : Cailleau, 1788] -- La Melomanie. [Paris : Brunet, 1793] -- Le Barbier de Seville / de Beaumarchais. [Paris : Didot, 1778] -- Clementine et Desormes / de Monvel. [Paris : Didot, 1788].  |5 TXA 
500 |a Libretto only. 
655 7 |a Librettos.  |2 lcgft 
700 1 |a Marsollier,  |d 1750-1817.  |0 http://id.loc.gov/authorities/names/n83048119 
948 |a cataloged  |b h  |c 2017/6/26  |d c  |e dchroust  |f 2:23:20 pm 
994 |a C0  |b TXA 
999 f f |s 9fbe0ffd-422f-3e7a-8d9a-a780edc7b38f  |i 11be1fc8-0c8c-3f98-975a-340e908fdeaf  |t 0 
952 f f |p noncirc  |a Texas A&M University  |b College Station  |c Cushing Memorial Library & Archives  |d Cushing: Dawson French (Does not check out)  |t 0  |e PQ2007.M15 A7 1799  |h Library of Congress classification  |i unmediated -- volume 
998 f f |a PQ2007.M15 A7 1799  |t 0  |l Cushing: Dawson French (Does not check out)